| 000 | 00534cam a22001932a 4500 | ||
|---|---|---|---|
| 001 | 016064 | ||
| 003 | AR-FADEU | ||
| 008 | 311216n1962####xxu####################dd | ||
| 092 |
_a398.03 _eREFE |
||
| 100 | _aSaubidet, Tito | ||
| 245 | _aVocabulario y refranero criollo | ||
| 250 | _a6a. ed | ||
| 260 | _aBuenos Aires | ||
| 260 | _bGuillermo Kraft | ||
| 260 | _c1962 | ||
| 300 | _a421 p. il | ||
| 650 | _aDICCIONARIO ESPECIALIZADO; FOLKORE; REFRANES; ARGENTINA; GAUCHO; LITERATURA GAUCHESCA; COSTUMBRES/REFE/ | ||
| 942 | _cREFE | ||
| 999 |
_c21822 _d21822 |
||